000 00790nam a22002537a 4500
003 UA-OsUOA
001 28051
007 ta
008 20040922b un ||||| |||| 00| 0 ukr d
100 _aУзунова Л.М.
090 _a43(075)
_bУ34
942 _cBK
040 _aUA-OsUOA
_brus
_cUA-OsUOA
_dUA-OsUOA
245 _aУчись читать газету на английском языке
_bСборник упражнений для учащихся VI класса школ с углубленым научением английского языка
300 _a79 с.
955 _a0
041 _arus
080 _a43(075)
020 _a5-09-001515-5
260 _aМосква
_bПросвещение
_c1988
044 _aRU
650 7 _2UDC
999 _c314406
_d314406